| 000 | 00357nam a2200145Ia 4500 | ||
|---|---|---|---|
| 008 | 240624s9999 xx 000 0 und d | ||
| 041 | _aeng | ||
| 082 | _a658.4022 BEL | ||
| 100 | _aBELL ARTHUR H | ||
| 245 | _aLEARNING TEAM SKILLS | ||
| 250 | _a(2nd ed.) | ||
| 260 |
_c2011 _aBoston _bPrentice Hall |
||
| 300 | _avi, : 114 : p. : cm. ; 23 | ||
| 365 |
_c _b30 |
||
| 999 |
_c19767 _d19767 |
||